000 00344nam a2200145Ia 4500
005 20250509071219.0
008 240331s9999 xx 000 0 und d
082 _bRAJ
_a894
100 _aRajadurai, A
245 0 _aIru pakkangal
260 _aColombo
_bKurinchi Veliyidu
_c1992
300 _a98 p .,
650 _aKavithai Thoguppu
942 _cL
999 _c4295
_d4295